International Reserves-Too Much of a Zipf's Thing /

Concentrated distribution of international reserves is puzzling. I show that the growth rates of international reserves bear only a very weak relationship to their initial stocks (scaled by GDP or in absolute terms), and that, by implication, the cross-sectional distribution of reserves conforms to...

Полное описание

Библиографические подробности
Главный автор: Sumlinski, Mariusz
Формат: Журнал
Язык:English
Опубликовано: Washington, D.C. : International Monetary Fund, 2008.
Серии:IMF Working Papers; Working Paper ; No. 2008/011
Online-ссылка:Full text available on IMF
LEADER 01724cas a2200241 a 4500
001 AALejournalIMF009771
008 230101c9999 xx r poo 0 0eng d
020 |c 5.00 USD 
020 |z 9781451868739 
022 |a 1018-5941 
040 |a BD-DhAAL  |c BD-DhAAL 
100 1 |a Sumlinski, Mariusz. 
245 1 0 |a International Reserves-Too Much of a Zipf's Thing /  |c Mariusz Sumlinski. 
264 1 |a Washington, D.C. :  |b International Monetary Fund,  |c 2008. 
300 |a 1 online resource (19 pages) 
490 1 |a IMF Working Papers 
500 |a <strong>Off-Campus Access:</strong> No User ID or Password Required 
500 |a <strong>On-Campus Access:</strong> No User ID or Password Required 
506 |a Electronic access restricted to authorized BRAC University faculty, staff and students 
520 3 |a Concentrated distribution of international reserves is puzzling. I show that the growth rates of international reserves bear only a very weak relationship to their initial stocks (scaled by GDP or in absolute terms), and that, by implication, the cross-sectional distribution of reserves conforms to Zipf's law. The law states that the size of reserves is inversely related to their ranking. Evidence in favor of the law is strong and time robust. I compare the crosssection distribution of international reserves embedded in the WEO projections to that implied by Zipf's law and find that international reserves are much less concentrated in the WEO projections than implied by Zipf's law. 
538 |a Mode of access: Internet 
830 0 |a IMF Working Papers; Working Paper ;  |v No. 2008/011 
856 4 0 |z Full text available on IMF  |u http://elibrary.imf.org/view/journals/001/2008/011/001.2008.issue-011-en.xml  |z IMF e-Library